Základní
MARC
Záznam Personal Name
Počet záznamů používajících tuto autoritu: 2
001 - CONTROL NUMBER
- control field: 13452
003 - CONTROL NUMBER IDENTIFIER
- control field: OSt
005 - DATE AND TIME OF LATEST TRANSACTION
- control field: 20210819131815.0
008 - FIXED-LENGTH DATA ELEMENTS
- fixed length control field: 210819|| aca||aabn | a|a d
040 ## - CATALOGING SOURCE
- Original cataloging agency: OSt
- Transcribing agency: OSt
100 ## - HEADING--PERSONAL NAME
- Personal name: Hadj Moussa, Iva,
- Dates associated with a name: 1979-
670 ## - SOURCE DATA FOUND
- Source citation: Work cat.: (OSt)0: Hadj Moussa, Iva, 1979- aut, Šalina do stanice touha /